000 00630nam a2200205Ia 4500
001 15372
003 GE_BSU
008 181216s||||||||xx |||||||||||||| ||und||
040 _cGE_BSU
080 _a821.353.1-11
100 _aქუჩიშვილი,გიორგი
245 _aპოემები და ლეგენდები
245 _cპ/მგ რედ.კ.ბობოხიძე
260 _aთბილისი
260 _bსახელგამი
260 _c1939
300 _a216გვ.17სმ.
653 _aპოემები და ლეგენდები
942 _cBK
999 _c48478
_d48478